000 00713nam a22002297a 4500
003 0
005 20251018110446.0
008 251018b xxu||||| |||| 00| 0 eng d
020 _a978-1-84749-609-6
050 _aPS 2612
_b.P74 2023
100 _aPoe, Edgar Allan,
_d1809-1849,
_eauthor.
245 _aTales of horror /
_cEdgar Allan Poe.
250 _aEighth reprint.
260 _aRichmond, United Kingdom :
_bAlma Classics,
_c2023.
300 _a311 pages ;
_c20 cm
500 _aIncludes an introduction and notes by the publisher.
650 _aHorror tales, American.
650 _aShort stories, American.
700 _aPoe, Edgar Allan,
_d1809-1849.
830 _aAlma Classics.
942 _2lcc
_cBK
999 _c368274
_d368274